00726nam a2200253Ia 4500008004100000020001600041100001800057245002000075245002100095260001500116260002000131260000900151300002700160300002700187300001000214500006300224650002400287650001600311650001300327650001300340700000800353999001900361952009200380160803s9999 xx 000 0 und d a0 590135651 aHenkes, Kevin aChrysanthemum / cby Kevin Henkes. aNew York : bScholastic Inc. c1991 a30 unnumbered pages :  bcolor illustrations ;  c26 cm aOriginally published: New York : Greenwillow Books, c1991. aNames, Personal --  aSchools --  xFiction. xFiction. a460 c299224d299224 001040aSSISBbSSISBcLEXd2016-08-03l0pSC-1150r2016-08-03 00:00:00w2016-08-03yBK